00616 2200205 4500001002100000005001500021035002000036007000300056008004100059082001800100084002400118245005100142250001000193260007700203300002000280650001400300110005200314990002200366990002200388INLIS00000000000576620260430113054 a0010-0426000051ta260430 0  a63:061.3(594) a63:061.3(594) BAD p1 aPENAS Milik Petani Milik Kita Semua /cBPPSDMP aEd. 1 aJakarta :bDepartemen Pertanian . BPPSDMP. Kelompok KTNA Nasional,c2004 a12 hal. :bIlus 4aPertanian2 aBadan Penyuluhan dan Pengembangan SDM Pertanian a5139/BPPSDMP/2026 a5139/BPPSDMP/2026